000 00747nam a2200229 i 4500
001 69611
003 ES-MaACL
005 20230906170547.0
007 t|
008 040708s1982 sp ||||1| spa d
020 _a84-259-0671-7
100 1 _aGarcía Fernández, Javier.
_954597
245 1 0 _aBibliografía española de derecho político, (1939-1981) /
_cJavier García Fernández.
260 _aMadrid :
_bCentro de Estudios Constitucionales,
_c1982.
300 _a718 p. ;
_c24 cm.
490 1 _aColección Documentos ;
_v2
500 _aIndices.
710 2 _aCentro de Estudios Constitucionales (España)
_92618
830 0 _aColección Documentos ;
_v2
_9179812
852 _aES-MaACL
_jL-9055
_bR.110947
999 _c69611
_d69611